00735nam a2200229Ia 4500003000400000005001700004006001800021007000300039008004100042024001000083037001100093040001800104041001300122100002800135110008300163245010900246260000900355300001800364650001200382700002800394700008300422OSt20220930092038.0a|||||r|||| 00| 0ta220926b |||||||| |||| 00| 0 eng d a11641 cTheses aCRLcCRLbeng 2engaeng aDeswal Vikarm Singh Au. aUniversity of Delhi. Faculty of Medical Science. Department of General Surgery 0aComparison of changes in liver function following standard and low pressure laparoscopic cholecystectomy c2014 a65p.ap.ccm. aSURGERY a Tudu Sanjeev Kumar Gu. aUniversity of Delhi. Faculty of Medical Science. Department of General Surgery